|
|
|
|
| LEADER |
00000nam a22000007a 4500 |
| 005 |
20180420225455.0 |
| 007 |
cr|||| |||| |
| 008 |
180420s2018 mx |||||s|||| 00||0 spa d |
| 020 |
|
|
|a 978-607-406-926-6
|
| 035 |
|
|
|a 21444
|
| 040 |
|
|
|a vLex
|
| 090 |
|
|
|c 7798
|d 7798
|
| 100 |
1 |
|
|a Valdovinos Romo, Daniel
|
| 245 |
1 |
2 |
|a El ABC de los remates inmobiliarios 2018
|h [Recurso electrn̤ico] /
|c Daniel Valdovinos Romo, Marco Vinicio Ayuzo Gonzl̀ez
|
| 256 |
|
|
|a Servicio en ln̕ea
|
| 260 |
|
|
|a Ciudad de Mx̌ico:
|b Ediciones Fiscales ISEF,
|c 2018
|
| 300 |
|
|
|a 1 recurso electrn̤ico
|
| 500 |
|
|
|a El props̤ito de esta obra: EL ABC DE LOS REMATES INMOBILIARIOS, es dotar de herramientas y conocimientos a todas las personas y empresas interesadas en el fascinante negocio de los remates judiciales y bancarios. Aqu ̕podrs̀ averiguar por qu ̌los REMATES INMOBILIARIOS son una de las mejores formas de inversin̤ que ofrece el mercado.
|
| 506 |
1 |
|
|a Disponible solo en los productos indicados
|d vLex Global
|d vLex Global (Academic Edition, excluding Law Schools)
|d vLex Global (U.S. Academic Edition, Law Schools)
|d vLex Global (U.S. Academic Edition, excluding Law Schools)
|d vLex Global (Academic Edition, Law Schools)
|
| 650 |
0 |
4 |
|a Derecho Fiscal
|z Mx̌ico
|
| 700 |
1 |
|
|a Ayuzo Gonzl̀ez, Marco Vinicio
|
| 740 |
0 |
|
|a vLex Libros (Servicio en ln̕ea)
|
| 856 |
4 |
0 |
|u http://vlex.com/source/abc-de-los-remates-inmobiliarios-2018-21444
|z Acceso restringido
|
| 942 |
|
|
|c BOOK
|
| 999 |
0 |
|
|a Tax Law
|